Internet le guide de l'internaute (Record no. 33757)

MARC details
000 -LEADER
fixed length control field 00599 a2200241 4500
037 ## - SOURCE OF ACQUISITION
Source of stock number/acquisition 2, CIUF
037 ## - SOURCE OF ACQUISITION
Stock number S 8174
037 ## - SOURCE OF ACQUISITION
Stock number S 8175
020 ## - NUMERO INTERNATIONAL NORMALISE DES LIVRES
International Standard Book Number 2-89381-736-x
100 ## - VEDETTE PRINCIPALE - NOM DE PERSONNE
Personal name Sohier, Danny-J.
100 ## - VEDETTE PRINCIPALE - NOM DE PERSONNE
Language of a work Fr
260 ## - PUBLICATION, DISTRIBUTION, ETC. (IMPRINT)
Place of publication, distribution, etc Canada
260 ## - PUBLICATION, DISTRIBUTION, ETC. (IMPRINT)
Name of publisher, distributor, etc Logique
245 ## - TITLE STATEMENT
Title Internet le guide de l'internaute
260 ## - PUBLICATION, DISTRIBUTION, ETC. (IMPRINT)
Date of publication, distribution, etc 2000
300 ## - PHYSICAL DESCRIPTION
Extent 570p.
300 ## - PHYSICAL DESCRIPTION
Other physical details 23 cm.
440 ## - SERIES STATEMENT/ADDED ENTRY--TITLE
Title Internet
630 ## - SUBJECT ADDED ENTRY--UNIFORM TITLE
Uniform title 62 - Ingéniririe. Art de l'ingénieur. Technologie en général
650 ## - SUBJECT ADDED ENTRY--TOPICAL TERM
Topical term or geographic name as entry element 6 - SCIENCES APPLIQUEES
650 ## - SUBJECT ADDED ENTRY--TOPICAL TERM
Topical term or geographic name as entry element Internet. Informatique : résau et télématique
Holdings
Withdrawn status Lost status Damaged status Not for loan Location (home branch) Sublocation or collection (holding branch) Date acquired Koha issues (times borrowed) Koha full call number Koha date last seen Price effective from Koha item type
        Bibliothèque Universitaire Centrale Bibliothèque Universitaire Centrale 28/02/2009   621.391 SOH 28/02/2009 28/02/2009 Libre Accès


© 2008, Bibliothèques de l'Université d'Abomey-Calavi

04 BP 789 Cotonou, Tél. : +229 21 36 01 01, Fax : +229 21 35 06 32

Courriel : bu@bu.uac.bj